Loading...
| Ancient History and Archaeology | 2 | 10.00 | 0% | 0% | 200% |
| Beliefs | 9 | 10.00 | 89% | 22% | 133% |
| British and Commonwealth History | 4 | 10.00 | 200% | 100% | 0% |
| Current Events | 3 | 20.00 | 267% | 133% | 133% |
| Fine Arts - Auditory | 4 | 7.50 | 0% | 0% | 125% |
| Fine Arts - Visual | 5 | 6.00 | 0% | 80% | 40% |
| Geography | 1 | 10.00 | 0% | 0% | 100% |
| History - American | 4 | 7.50 | 100% | 75% | 0% |
| History - European | 3 | 10.00 | 133% | 0% | 133% |
| History - World | 1 | 10.00 | 400% | 0% | 0% |
| Literature - American | 3 | 10.00 | 267% | 67% | 0% |
| Literature - British | 2 | 15.00 | 400% | 0% | 100% |
| Literature - European | 2 | 5.00 | 200% | 0% | 0% |
| Other Academic | 1 | 0.00 | 0% | 0% | 0% |
| Other Arts: Auditory | 3 | 6.67 | 133% | 67% | 0% |
| Other Arts: Visual | 1 | 10.00 | 0% | 200% | 0% |
| Other Science: Astronomy | 1 | 0.00 | 0% | 0% | 0% |
| Other Science: Computer Science | 1 | 10.00 | 0% | 200% | 0% |
| Other Science: Math | 1 | 20.00 | 0% | 200% | 200% |
| Philosophy | 2 | 5.00 | 0% | 100% | 0% |
| Science - Biology | 4 | 12.50 | 200% | 150% | 0% |
| Science - Chemistry | 2 | 10.00 | 50% | 100% | 0% |
| Science - Physics | 1 | 20.00 | 100% | 0% | 100% |
| Social Science | 4 | 12.50 | 100% | 0% | 200% |
| World and Other Literature | 2 | 5.00 | 50% | 0% | 0% |